<?xml version="1.0" encoding="UTF-8"?>
<record
    xmlns:xsi="http://www.w3.org/2001/XMLSchema-instance"
    xsi:schemaLocation="http://www.loc.gov/MARC21/slim http://www.loc.gov/standards/marcxml/schema/MARC21slim.xsd"
    xmlns="http://www.loc.gov/MARC21/slim">

  <leader>01148naa a2200205 i 4500</leader>
  <controlfield tag="001">9141</controlfield>
  <controlfield tag="003">KOSZ 005</controlfield>
  <controlfield tag="005">20180508104412.0</controlfield>
  <controlfield tag="008">151120s1996    pl  n  f     |100  0pol</controlfield>
  <datafield tag="040" ind1=" " ind2=" ">
    <subfield code="c">BPK</subfield>
    <subfield code="d">KOSZ 005/EG</subfield>
  </datafield>
  <datafield tag="100" ind1="1" ind2=" ">
    <subfield code="a">SOKO&#x141;OWSKI, Stanis&#x142;aw.</subfield>
    <subfield code="d">1972 - 1996.</subfield>
    <subfield code="b">Wy&#x17C;sza Szko&#x142;a In&#x17C;ynierska w Koszalinie - Wydzia&#x142; Mechaniczny,</subfield>
    <subfield code="c">Katedra Nauk Pedagogicznych</subfield>
  </datafield>
  <datafield tag="245" ind1="1" ind2="0">
    <subfield code="a">Podstawowe za&#x142;o&#x17C;enia projektowania komunikat&#xF3;w dydaktycznych /</subfield>
    <subfield code="c">Stanis&#x142;aw Soko&#x142;owski, Marek Bogda&#x144;ski.</subfield>
  </datafield>
  <datafield tag="650" ind1=" " ind2="0">
    <subfield code="a">Kszta&#x142;cenie.</subfield>
  </datafield>
  <datafield tag="650" ind1=" " ind2="0">
    <subfield code="a">Nauczyciele techniki.</subfield>
  </datafield>
  <datafield tag="655" ind1=" " ind2="0">
    <subfield code="a">Materia&#x142;y konferencyjne.</subfield>
  </datafield>
  <datafield tag="700" ind1="1" ind2=" ">
    <subfield code="a">BOGDA&#x143;SKI, Marek.</subfield>
    <subfield code="d">1991 - 1996.</subfield>
    <subfield code="b">Wy&#x17C;sza Szko&#x142;a In&#x17C;ynierska w Koszalinie - Wydzia&#x142; Mechaniczny,</subfield>
    <subfield code="g">Katedra Nauk Pedagogicznych</subfield>
  </datafield>
  <datafield tag="711" ind1="2" ind2="2">
    <subfield code="a"> Warsztaty Multimedialne w Dydaktyce Techniki</subfield>
    <subfield code="n">(2 ;</subfield>
    <subfield code="d">1995 ;</subfield>
    <subfield code="c">Szczecin).</subfield>
  </datafield>
  <datafield tag="773" ind1="0" ind2=" ">
    <subfield code="i">W :</subfield>
    <subfield code="t">Klasyfikacja i ocena materia&#x142;&#xF3;w multimedialnych w technice : II Og&#xF3;lnopolskie Warsztaty Multimedialne w Dydaktyce Techniki, Szczecin 23-24 listopada 1995 roku / red. nauk. Kazimierz Wenta. -</subfield>
    <subfield code="d">Szczecin : Wydaw. Naukowe US, 1996. -</subfield>
    <subfield code="g">s. 111-115</subfield>
  </datafield>
  <datafield tag="942" ind1=" " ind2=" ">
    <subfield code="c">ROZ</subfield>
    <subfield code="2">UKD</subfield>
  </datafield>
  <datafield tag="999" ind1=" " ind2=" ">
    <subfield code="c">9141</subfield>
    <subfield code="d">9141</subfield>
  </datafield>
</record>
